Gaming Quiz

Random Gaming or Pokémon Quiz

Can you name all the pokemon regions Quiz Stats

 Plays Quiz not verified by Sporcle

Challenge
Share
Tweet
Embed
Score 0/8 Timer 03:00
0 Plays Today
Hint Answer % Correct
Kanto
98.6%
Alola
94.7%
Johto
94.1%
Sinnoh
92%
Kalos
91.5%
Unova
90.8%
Hoenn
89.9%
Orre
27.9%

You're not logged in!

Compare scores with friends on all Sporcle quizzes.
OR
Log In

You Might Also Like...

Show Comments

Extras

Top Quizzes Today


Score Distribution

Your Account Isn't Verified!

In order to create a playlist on Sporcle, you need to verify the email address you used during registration. Go to your Sporcle Settings to finish the process.

Report this User

Report this user for behavior that violates our Community Guidelines.

Details: